Responses for Show #8644 - Thursday, May 19, 2022

Ryan Long game 5.

Contestants

[<< previous game]

Julie Ann Crommett, a diversity and inclusion strategist from Atlanta, Georgia

Bradford Pearson, a journalist and author from Philadelphia, Pennsylvania

Ryan Long, a rideshare driver from Philadelphia, Pennsylvania (whose 4-day cash winnings total $86,600)

[next game >>]

Jeopardy! Round responses

LIT BITS
ASIAN MUSEUMS
CONTAINERS
THE DRUGS OF HUMANITY
IT'S A WORD! IT'S A NAME!
BLOOPERMAN
    $200 28
(William) Golding

Julie Ann
    $200 30
(Julie Ann: What is beer?)

tea

BradfordJulie Ann
    $200 29
snuff boxes

Ryan
    $200 24
cholesterol

Julie Ann
    $200 27
(Ryan: What is an atlas?)

a (travel) guide

RyanBradford
    $200 8
an elephant

Bradford
    $400 1
The Velveteen Rabbit

Bradford
    $400 18
animation

Julie Ann
    $400 26
needles

Ryan
    $400 22
Rogaine

Bradford
    $400 25
fonts

Bradford
    $400 7
Mark Wahlberg

Ryan
    $600 2
(Julie Ann: What is Lord of the Rings?)
(Bradford: What is War of the Worlds?)

The Time Machine

RyanBradfordJulie Ann
    $600 10
Bangkok

Ryan
    $600 20
(Ryan: Let's do DRUGS for $1000.)
[Laughter]

a ewer

Ryan
    $600 12
(Bradford: What is testosterone?)
(Julie Ann: What is epinephinerine? [*]?)
(Mayim: Yes, you corrected yourself in time.)

epinephrine

BradfordJulie Ann
    $600 16
Aladdin

Julie Ann
    $600 4
Peter Sellers

Ryan
    $800 3
Daddy

Triple Stumper
    $800 9
Kolkata

Ryan
    $2,000 14
Crate & Barrel

Ryan
    $800 11
arthritis

Ryan
    $800 15
a ballpoint pen

Triple Stumper
    $800 5
Grand Moff Tarkin

Ryan
    $1000 13
(Julie Ann: Who is Rumi?)

(Omar) Khayyam

RyanJulie Ann
    $1000 23
the Sherpa

Ryan
    $1000 19
a samovar

Triple Stumper
    $1000 21
methadone

Bradford
    $1000 17
Derrick

Bradford
    $1000 6
(Mayim: Yeah, that's a funny one.)

Chris Tucker

Ryan

Scores at the first commercial break (after clue 14):

Ryan Bradford Julie Ann
$8,600 -$600 -$1,000

Scores at the end of the Jeopardy! Round:

Ryan Bradford Julie Ann
$10,600 $2,600 $200

Double Jeopardy! Round responses

THE VICE PRESIDENT WHO SAID...
LET'S TAKE A WORLD TOUR
PHYSICS
WELCOME TO BRITAIN
TV PERSONALITIES
STARTS WITH "A" OR ENDS WITH "Z"
    $400 28
(Kamala) Harris

Bradford
    $400 27
New Zealand

Bradford
    $400 24
lift

Julie Ann
    $400 29
Starbucks

Bradford
    $400 5
Tyra Banks

Julie Ann
    $400 10
glitz

Ryan
    $800 20
Gerald Ford

Triple Stumper
    $800 16
Glasgow

Bradford
    $800 23
(Bradford: What is half-life?)
...
(Mayim: We have less than a minute.)

radioactivity

Bradford
Triple Stumper
    $800 21
polo

Ryan
    $800 4
Top Chef

Julie Ann
    $800 8
a blintz

Ryan
    $1,400 14
(Julie Ann: Who is... Teddy Roosevelt?)
(Mayim: No, that would [*], referring to the 2000 election.)

Al Gore

Julie Ann
    $1200 17
Lake Victoria

Bradford
    $1200 12
(a heat) sink

Julie Ann
    $1200 25
Wembley (Stadium)

Ryan
    $1200 2
(Julie Ann: Who is Christmas?)

Paul Hollywood

BradfordJulie Ann
    $1200 7
(Ryan: What is a, mmm...)

amnesty

Ryan
Triple Stumper
    $1600 15
Dan Quayle

Bradford
    $1600 18
Devil's Island

Triple Stumper
    $1600 11
a photon

Ryan
    $1600 26
(Mayim: Yes, they're adorable.)

wallabies

Bradford
    $1600 1
Drew Brees

Bradford
    $1600 6
amorphous

Bradford
    $2000 22
John Adams

Triple Stumper
    $2000 19
(Mayim: It's [*], for Kuala Lumpur.)

the KL Tower

Triple Stumper
    $2000 13
(Bradford: What is a crest?)

crest & trough

Bradford
Triple Stumper
    $1,000 30
(Bradford: [Exhales] What is viscount?)

a baron

Bradford
    $2000 3
Jon Taffer

Triple Stumper
    $2000 9
hertz

Ryan

Scores at the end of the Double Jeopardy! Round:

Ryan Bradford Julie Ann
$16,200 $9,600 $400

[wagering suggestions for these scores]

Final Jeopardy! Round responses

THE ANCIENT WORLD
Julie AnnWhat is the leaning tower of Pisa?
$0
BradfordWhat is the Colossus Rhodes?
$9,600
RyanWhat are th Hanging Gardens
$3,001
the Hanging Gardens (of Babylon)

Final scores:

Ryan Bradford Julie Ann
$19,201 $0 $400
5-day champion: $105,801 3rd place: $1,000 2nd place: $2,000

Game dynamics:

Coryat scores:

Ryan Bradford Julie Ann
$15,000 $10,600 $1,800
20 R
(including 1 DD),
2 W
18 R,
5 W
(including 1 DD)
9 R,
5 W
(including 1 DD)

Combined Coryat: $27,400

[game clues] [game scores] [suggest correction]

Game tape date: 2022-03-01
The J! Archive is created by fans, for fans. Scraping, republication, monetization, and malicious use prohibited; this site may use cookies and collect identifying information. See terms. The Jeopardy! game show and all elements thereof, including but not limited to copyright and trademark thereto, are the property of Jeopardy Productions, Inc. and are protected under law. This website is not affiliated with, sponsored by, or operated by Jeopardy Productions, Inc. Join the discussion at JBoard.tv.